[Event "FIDE World Bl Team Pool B"]
[Site "London ENG"]
[Date "2025.06.14"]
[Round "11.2"]
[White "Sivakumar, Ashvin"]
[Black "Steinberg, Nitzan"]
[Result "1/2-1/2"]
[WhiteTitle "FM"]
[BlackTitle "GM"]
[WhiteElo "2175"]
[BlackElo "2554"]
[WhiteTeam "Oxbridge"]
[BlackTeam "Rishon LeZion Chess Club"]
[WhiteFideId "5804655"]
[BlackFideId "2801795"]
[EventDate "2025.06.14"]
[EventType "team"]

1. d4 d5 2. c4 c6 3. Nf3 Nf6 4. e3 e6 5. Nbd2 c5 6. cxd5 exd5 7. dxc5 Bxc5 8.
Nb3 Bd6 9. Bd2 O-O 10. Be2 Re8 11. Bc3 Nc6 12. Rc1 h6 13. h3 Bf5 14. O-O Ne4 15.
Nbd4 Bg6 16. Be1 Ne7 17. Qb3 Nc5 18. Qd1 a6 19. b4 Ne4 20. a4 Qd7 21. b5 Rec8
22. Rxc8+ Qxc8 23. bxa6 bxa6 24. Bd3 Rb8 25. Qc2 Qxc2 26. Bxc2 Nc5 27. Bxg6 Nxg6
28. a5 Ne7 29. Bd2 Kf8 30. Rc1 Ke8 31. Kf1 Kd7 32. Ke2 f6 33. g4 Rb2 34. Rc2 Rb1
35. Rc1 Rb7 36. Rc2 Ne4 37. Be1 Bc5 38. Bd2 Rb1 39. Be1 Rb7 40. Bd2 Nc8 41. Nf5
Bf8 42. N3d4 Ncd6 43. Nxd6 Nxd6 44. Be1 Ne4 45. h4 g6 46. h5 gxh5 47. gxh5 Nd6
48. f3 Ne8 49. Rc6 Rb2+ 50. Kd1 Rb1+ 51. Ke2 Rb2+ 52. Kd1 Rb1+ 53. Ke2 Rb2+ 1/2-1/2

[Event "FIDE World Bl Team Pool B"]
[Site "London ENG"]
[Date "2025.06.14"]
[Round "11.3"]
[White "Sokolovsky, Yahli"]
[Black "Goh, Jinghan Cameron"]
[Result "1-0"]
[WhiteTitle "GM"]
[WhiteElo "2542"]
[BlackElo "2178"]
[WhiteTeam "Rishon LeZion Chess Club"]
[BlackTeam "Oxbridge"]
[WhiteFideId "2820242"]
[BlackFideId "5804540"]
[EventDate "2025.06.14"]
[EventType "team"]

1. b3 c5 2. Bb2 Nc6 3. Nf3 Nf6 4. e3 g6 5. c4 Bg7 6. Be2 O-O 7. O-O d6 8. d4
cxd4 9. Nxd4 Nxd4 10. Qxd4 Be6 11. Nc3 Nd5 12. Qd2 Nxc3 13. Bxc3 Bxc3 14. Qxc3
a5 15. Qd4 Qc7 16. h4 Qc5 17. h5 Qxd4 18. exd4 d5 19. c5 a4 20. b4 a3 21. hxg6
hxg6 22. Bb5 Kg7 23. Rfe1 Rh8 24. g3 Bg4 25. Be2 Bf5 26. Bf3 e6 27. Re3 Ra4 28.
g4 Bc2 29. Rc1 Be4 30. Bxe4 dxe4 31. Rb1 f5 32. gxf5 gxf5 33. f3 Rh3 34. Kg2
Rxf3 35. Rxf3 exf3+ 36. Kxf3 Kf6 37. Kf4 Ra8 38. Rh1 Ra4 39. Rh6+ Kg7 40. Rxe6
Rxb4 41. Ke5 Rb2 42. Rb6 Rxa2 43. Rxb7+ Kg6 44. Ra7 Re2+ 45. Kd5 a2 46. c6 Rc2
47. Kd6 f4 48. c7 f3 49. Rxa2 Rxa2 50. c8=Q f2 51. Qg8+ Kh5 52. Qf7+ Kh4 53. Qf3
Rd2 54. Ke5 Kg5 55. d5 Kh4 56. d6 1-0

[Event "FIDE World Bl Team Pool B"]
[Site "London ENG"]
[Date "2025.06.14"]
[Round "11.4"]
[White "Ratnesan, Ranesh"]
[Black "Bronstein, Or"]
[Result "1/2-1/2"]
[WhiteTitle "CM"]
[BlackTitle "IM"]
[WhiteElo "2138"]
[BlackElo "2443"]
[WhiteTeam "Oxbridge"]
[BlackTeam "Rishon LeZion Chess Club"]
[WhiteFideId "439339"]
[BlackFideId "2815770"]
[EventDate "2025.06.14"]
[EventType "team"]

1. d4 Nf6 2. Nf3 g6 3. Bg5 Bg7 4. Nbd2 O-O 5. e4 d5 6. Bd3 dxe4 7. Nxe4 Bf5 8.
Nxf6+ exf6 9. Be3 Bxd3 10. Qxd3 f5 11. O-O Nd7 12. Bf4 Nf6 13. Be5 c6 14. Rad1
a5 15. a4 Nd5 16. c3 Bh6 17. h3 f4 18. c4 Nb4 19. Qd2 g5 20. d5 c5 21. b3 Qd7
22. Nh2 f6 23. Bc3 Bg7 24. Rfe1 Rae8 25. Rxe8 Rxe8 26. Re1 Kf7 27. Re2 Qf5 28.
Rxe8 Kxe8 29. Qe2+ Kd7 30. Qg4 Qxg4 31. hxg4 Nd3 32. Bd2 Ne5 33. f3 Nd3 34. Nf1
h5 35. gxh5 f5 36. g4 Ne5 37. Kg2 fxg4 38. fxg4 Nxg4 39. Kf3 Nf6 40. Nh2 b6 41.
Ng4 Nxh5 42. Be1 Kd6 43. Ke4 Ng3+ 44. Bxg3 fxg3 45. Kf3 Ke7 46. Kxg3 Kf7 47. Kf3
Kg6 48. Ke4 Kh5 49. Kf5 Kh4 50. d6 Bf8 51. d7 Be7 52. Ne5 Bd8 53. Nc6 Bc7 54.
d8=Q Bxd8 55. Nxd8 g4 56. Ne6 Kg3 57. Ke4 Kf2 58. Nf4 g3 59. Kd5 Ke3 60. Ng2+
Kf3 61. Nh4+ Kg4 62. Ng2 Kf3 63. Ne1+ Ke2 64. Ng2 Kf3 65. Nh4+ Kg4 66. Ng2 1/2-1/2

[Event "FIDE World Bl Team Pool B"]
[Site "London ENG"]
[Date "2025.06.14"]
[Round "11.5"]
[White "Efroimski, Marsel"]
[Black "Hng, Mei-Xian Eunice"]
[Result "1-0"]
[WhiteTitle "IM"]
[BlackTitle "WFM"]
[WhiteElo "2372"]
[BlackElo "2066"]
[WhiteTeam "Rishon LeZion Chess Club"]
[BlackTeam "Oxbridge"]
[WhiteFideId "2810964"]
[BlackFideId "5806585"]
[EventDate "2025.06.14"]
[EventType "team"]

1. e4 d6 2. d4 c6 3. Nc3 Nd7 4. f4 Qc7 5. Nf3 e5 6. Be3 Ngf6 7. h3 Be7 8. g4 h6
9. a4 Qa5 10. Qd2 exd4 11. Nxd4 Nc5 12. Bg2 Qc7 13. b4 Ne6 14. Nf5 g6 15. Nxe7
Qxe7 16. O-O h5 17. g5 Nd7 18. f5 Nef8 19. f6 Qe6 20. Nd5 cxd5 21. exd5 Qe5 22.
Bf4 Qb2 23. Rfb1 Qxa1 24. Rxa1 Ne5 25. Re1 Nd7 26. Qd4 O-O 27. c4 b6 28. Qc3 Ba6
29. c5 Nd3 30. Bxd6 Nxe1 31. Qxe1 Rfe8 32. Qc3 bxc5 33. bxc5 Rac8 34. c6 Nb6 35.
Qa5 Bc4 36. Bg3 Red8 37. d6 Re8 38. d7 1-0

[Event "FIDE World Bl Team Pool B"]
[Site "London ENG"]
[Date "2025.06.14"]
[Round "11.6"]
[White "Nayberg, Simona"]
[Black "Lapushnian, Eran"]
[Result "0-1"]
[WhiteElo "1819"]
[BlackElo "1993"]
[WhiteTeam "Oxbridge"]
[BlackTeam "Rishon LeZion Chess Club"]
[WhiteFideId "2075180"]
[BlackFideId "2811952"]
[EventDate "2025.06.14"]
[EventType "team"]

1. e4 c5 2. c3 d5 3. exd5 Qxd5 4. d4 g6 5. Nf3 Bg7 6. Be3 cxd4 7. cxd4 Qa5+ 8.
Nc3 Nf6 9. Bc4 O-O 10. O-O Bg4 11. Be2 e6 12. h3 Bf5 13. Ne5 Be4 14. Bg5 Bd5 15.
a3 Nbd7 16. b4 Qd8 17. Rc1 h6 18. Bh4 g5 19. Bg3 a6 20. Bf3 Rc8 21. Na4 Bxf3 22.
Qxf3 Nd5 23. Nxd7 Qxd7 24. Nc5 Qb5 25. Rfd1 b6 26. Ne4 Rxc1 27. Rxc1 Bxd4 28.
Nd6 Qa4 29. h4 Bf6 30. Ne4 Be7 31. hxg5 hxg5 32. Qh5 f6 33. Qg6+ Kh8 34. Nxg5
fxg5 35. Be5+ Bf6 36. Bxf6+ Nxf6 37. Qh6+ Kg8 38. Qxg5+ Kh8 39. Qh6+ Kg8 40.
Qg6+ Kh8 41. Rc3 Qd1+ 42. Kh2 Ng4+ 0-1

[Event "FIDE World Bl Team Pool B"]
[Site "London ENG"]
[Date "2025.06.14"]
[Round "11.1"]
[White "Martinez Alcantara, Jose Eduardo"]
[Black "Turner, Matthew J"]
[Result "1-0"]
[WhiteTitle "GM"]
[BlackTitle "GM"]
[WhiteElo "2611"]
[BlackElo "2441"]
[WhiteTeam "Theme International Trading"]
[BlackTeam "Sassy Seniors"]
[WhiteFideId "3805662"]
[BlackFideId "402893"]
[EventDate "2025.06.14"]
[EventType "team"]

1. e4 e5 2. Nf3 Nc6 3. Bb5 a6 4. Ba4 Nf6 5. O-O Be7 6. Re1 b5 7. Bb3 d6 8. c3
O-O 9. h3 Nb8 10. d3 Nbd7 11. Nbd2 Bb7 12. Nf1 Nc5 13. Bc2 Re8 14. Ng3 Bf8 15.
b4 Ne6 16. d4 exd4 17. cxd4 d5 18. e5 Bxb4 19. exf6 Bxe1 20. fxg7 Bc3 21. Qd3
Kxg7 22. Qxh7+ Kf8 23. Nf5 Bxa1 24. Qh8# 1-0

[Event "FIDE World Bl Team Pool B"]
[Site "London ENG"]
[Date "2025.06.14"]
[Round "11.2"]
[White "Dishman, Stephen"]
[Black "Jumabayev, Rinat"]
[Result "0-1"]
[WhiteTitle "FM"]
[BlackTitle "GM"]
[WhiteElo "2274"]
[BlackElo "2546"]
[WhiteTeam "Sassy Seniors"]
[BlackTeam "Theme International Trading"]
[WhiteFideId "403024"]
[BlackFideId "13702661"]
[EventDate "2025.06.14"]
[EventType "team"]

1. d4 Nf6 2. Bg5 c5 3. d5 Qb6 4. Nc3 g6 5. e4 d6 6. Rb1 Bg7 7. Nf3 Bg4 8. Be2
Bxf3 9. Bxf3 Nbd7 10. O-O O-O 11. Qd2 Qa5 12. Bh6 b5 13. Bxg7 Kxg7 14. a3 Ne5
15. Be2 b4 16. Na2 Nxe4 17. Qe3 Nf6 18. Rfd1 Rab8 19. f4 Ned7 20. Bf3 Rfe8 21.
Qd2 Qb6 22. Kh1 a5 23. a4 c4 24. Nc1 Rbc8 25. Ne2 Nc5 26. Nd4 Nxa4 27. f5 c3 0-1

[Event "FIDE World Bl Team Pool B"]
[Site "London ENG"]
[Date "2025.06.14"]
[Round "11.3"]
[White "Le, Tuan Minh"]
[Black "Vujatovic, Rajko"]
[Result "1/2-1/2"]
[WhiteTitle "GM"]
[WhiteElo "2598"]
[BlackElo "2222"]
[WhiteTeam "Theme International Trading"]
[BlackTeam "Sassy Seniors"]
[WhiteFideId "12401153"]
[BlackFideId "403393"]
[EventDate "2025.06.14"]
[EventType "team"]

1. d4 d5 2. Nf3 Nf6 3. Bf4 c5 4. c3 Nc6 5. e3 Bg4 6. Qb3 Qb6 7. dxc5 Qxb3 8.
axb3 Bxf3 9. gxf3 e5 10. Bg3 Bxc5 11. b4 Bd6 12. Nd2 O-O 13. Rg1 a6 14. Be2 Rac8
15. Rd1 Rfd8 16. Bh4 Be7 17. Nb3 Kf8 18. Kf1 h6 19. Kg2 d4 20. Bxf6 Bxf6 21. Nc5
Rc7 22. Rge1 Be7 23. Ne4 f5 24. Ng3 g6 25. Bf1 Rcd7 26. exd4 exd4 27. Re6 Rd6
28. Rde1 Rxe6 29. Rxe6 Rd6 30. Bc4 Rxe6 31. Bxe6 Kg7 32. Bc8 dxc3 33. bxc3 Nd8
34. f4 Kf7 35. Bd7 Bd6 36. Kf3 Ke7 37. Ba4 b5 38. Bb3 Ne6 39. Ne2 Nc7 40. Nd4
Kf6 41. h3 Ke7 42. Ba2 Kf6 43. Nc6 Ne8 44. Bb3 Nc7 45. Nb8 Ke7 46. h4 Kf6 47.
Nd7+ Ke7 48. Ne5 Kf6 49. Nc6 Ne8 50. Ke3 Nc7 51. Ba2 Ne8 52. Nd8 Nc7 53. Nb7 Be7
54. Kf3 Kg7 55. Kg3 Kf6 56. Bb3 Kg7 57. Na5 Bf6 58. c4 bxc4 59. Bxc4 Bc3 60. Nc6
Nb5 61. Kf3 Be1 62. Ke2 Bc3 63. Kd3 Be1 64. Ke2 Bc3 65. Ke3 Be1 66. Be6 Kf6 67.
Bc8 Nc7 68. Ke2 Bc3 69. Kf3 Bd2 70. Bd7 Bc3 71. Bc8 Bd2 72. Kg3 Be1 73. Kg2 Bd2
74. Kf3 Bc3 75. Kg2 1/2-1/2

[Event "FIDE World Bl Team Pool B"]
[Site "London ENG"]
[Date "2025.06.14"]
[Round "11.4"]
[White "Lishoy Gengis Paratazham, Dildarav"]
[Black "Tin, Jingyao"]
[Result "0-1"]
[BlackTitle "GM"]
[WhiteElo "2084"]
[BlackElo "2583"]
[WhiteTeam "Sassy Seniors"]
[BlackTeam "Theme International Trading"]
[WhiteFideId "491462"]
[BlackFideId "5804418"]
[EventDate "2025.06.14"]
[EventType "team"]

1. Nf3 d5 2. g3 Nf6 3. Bg2 c6 4. O-O Bg4 5. d3 Nbd7 6. Nbd2 e5 7. e4 dxe4 8.
Nxe4 Nxe4 9. dxe4 Be7 10. h3 Be6 11. Qe2 O-O 12. b3 f6 13. Be3 Bc5 14. a4 Bxe3
15. Qxe3 Qb6 16. Qxb6 axb6 17. b4 Kf7 18. Rfb1 Ke7 19. Kf1 Ra7 20. Ra3 Rfa8 21.
Rba1 Bc4+ 22. Ke1 Bb5 23. Nd2 Rxa4 24. Rxa4 Rxa4 25. Rb1 Ra2 26. c4 Ba4 27. Bf3
Bc2 28. Rc1 Rb2 29. Be2 Nb8 30. b5 Nd7 31. bxc6 bxc6 32. Bd1 Bxd1 33. Kxd1 Nc5
34. f3 Rxd2+ 35. Kxd2 Nb3+ 36. Kc2 Nxc1 37. Kxc1 Kd6 38. Kc2 Kc5 39. Kc3 g5 40.
h4 gxh4 41. gxh4 h5 42. Kb3 Kd4 43. Kb4 Ke3 44. c5 bxc5+ 45. Kxc5 Kxf3 46. Kxc6
Kxe4 47. Kc5 f5 48. Kc4 f4 49. Kc3 Ke3 50. Kc4 f3 51. Kd5 e4 52. Ke5 f2 53. Kf5
f1=Q+ 54. Kg5 Qf7 55. Kh6 Qf5 56. Kg7 Qe6 57. Kh7 Kf4 58. Kg7 Kf5 59. Kh7 Qe7+
60. Kh6 e3 61. Kxh5 Qh7# 0-1

[Event "FIDE World Bl Team Pool B"]
[Site "London ENG"]
[Date "2025.06.14"]
[Round "11.5"]
[White "Gong, Qianyun"]
[Black "Dishman, Matthew"]
[Result "0-1"]
[WhiteTitle "WGM"]
[WhiteElo "2228"]
[BlackElo "1978"]
[WhiteTeam "Theme International Trading"]
[BlackTeam "Sassy Seniors"]
[WhiteFideId "8602425"]
[BlackFideId "438642"]
[EventDate "2025.06.14"]
[EventType "team"]

1. e4 e5 2. Nf3 Nc6 3. Bb5 g6 4. d4 exd4 5. Nxd4 Bg7 6. Be3 Nf6 7. Nc3 O-O 8.
O-O Ne7 9. Ba4 c6 10. h3 d5 11. e5 Nd7 12. e6 Nc5 13. exf7+ Rxf7 14. Nxc6 bxc6
15. Bxc5 Qc7 16. Bb3 Bf5 17. Re1 Raf8 18. Qd2 Be5 19. Rxe5 Qxe5 20. Re1 Qf6 21.
Bd4 Qd6 22. Be5 Qd7 23. Qd4 Bxh3 24. gxh3 Qxh3 25. Bd6 Nf5 26. Qc5 Nh4 27. Bxd5
cxd5 28. Qxd5 Nf3+ 29. Qxf3 Rxf3 30. Bxf8 Rxf8 31. Ne4 Qf3 32. Re3 Qd1+ 33. Kg2
Qg4+ 34. Ng3 h5 35. Kf1 h4 36. Ne2 Qh5 37. Kg2 g5 38. Nd4 Qg4+ 39. Kh2 Qxd4 0-1

[Event "FIDE World Bl Team Pool B"]
[Site "London ENG"]
[Date "2025.06.14"]
[Round "11.6"]
[White "Regan, Natasha K"]
[Black "Zhang, Changjie"]
[Result "1-0"]
[WhiteTitle "WIM"]
[WhiteElo "2064"]
[BlackElo "1808"]
[WhiteTeam "Sassy Seniors"]
[BlackTeam "Theme International Trading"]
[WhiteFideId "403067"]
[BlackFideId "5801877"]
[EventDate "2025.06.14"]
[EventType "team"]

1. Nf3 Nf6 2. c4 e6 3. g3 b6 4. Bg2 Bb7 5. O-O Be7 6. Nc3 O-O 7. d3 c5 8. e4 Nc6
9. e5 Nh5 10. g4 g6 11. gxh5 gxh5 12. Bh6 Qc7 13. Bxf8 Rxf8 14. Ne4 Kh8 15. Nfg5
Qxe5 16. Qxh5 Qg7 17. Rae1 Nd4 18. Re3 Bxe4 19. Nxe4 Rg8 20. Rg3 Qf8 21. Ng5
Bxg5 22. Rxg5 Rxg5 23. Qxg5 Ne2+ 24. Kh1 Nd4 25. Qf6+ Kg8 26. Rg1 Qd6 27. Qd8+
Kg7 28. Be4+ Kh6 29. Qh4# 1-0

[Event "FIDE World Bl Team Pool B"]
[Site "London ENG"]
[Date "2025.06.14"]
[Round "11.1"]
[White "Ghasi, Ameet K"]
[Black "Rakotomaharo, Fy Antenaina"]
[Result "1/2-1/2"]
[WhiteTitle "GM"]
[BlackTitle "IM"]
[WhiteElo "2513"]
[BlackElo "2441"]
[WhiteTeam "Sharks 4NCL"]
[BlackTeam "Mother Continent"]
[WhiteFideId "409200"]
[BlackFideId "13100050"]
[EventDate "2025.06.14"]
[EventType "team"]

1. Nf3 d5 2. g3 Nf6 3. Bg2 e6 4. O-O Be7 5. d3 O-O 6. Nbd2 Nc6 7. e4 a5 8. e5
Nd7 9. Re1 f6 10. exf6 Bxf6 11. Nf1 a4 12. d4 Nb6 13. Bf4 Kh8 14. h4 Qe7 15. c3
Nc4 16. Qe2 a3 17. b3 Nd6 18. Ne3 Ne4 19. Qc2 Qf7 20. Ng5 Nxg5 21. hxg5 Be7 22.
Bxc7 Bxg5 23. Bd6 Re8 24. Bc5 Bd7 25. c4 dxc4 26. bxc4 e5 27. d5 Nd4 28. Qd1 Ba4
29. Qg4 Bxe3 30. Rxe3 Nc2 31. Rb1 Nxe3 32. Bxe3 Bd7 33. Qe2 Bf5 34. Rb3 e4 35.
Bd4 Rec8 36. Rb4 Bg6 37. Bh3 Re8 38. Qe3 Rac8 39. Bxc8 Rxc8 40. Qf4 Qd7 41. Qe5
Re8 42. Qf4 Bh5 43. Qg5 Bf3 44. c5 Rg8 45. c6 Qh3 46. Bxg7+ Rxg7 47. Qd8+ Rg8
48. Qf6+ Rg7 49. Qf8+ Rg8 50. Qf6+ Rg7 51. Qf8+ Rg8 1/2-1/2

[Event "FIDE World Bl Team Pool B"]
[Site "London ENG"]
[Date "2025.06.14"]
[Round "11.2"]
[White "Mhango, Banele"]
[Black "Rendle, Thomas E"]
[Result "0-1"]
[WhiteTitle "FM"]
[BlackTitle "IM"]
[WhiteElo "2236"]
[BlackElo "2370"]
[WhiteTeam "Mother Continent"]
[BlackTeam "Sharks 4NCL"]
[WhiteFideId "14327040"]
[BlackFideId "408760"]
[EventDate "2025.06.14"]
[EventType "team"]

1. Nf3 d5 2. g3 g6 3. Bg2 Bg7 4. d4 c6 5. O-O Nf6 6. Ne5 Nbd7 7. c4 O-O 8. Nc3
Nxe5 9. dxe5 Ne4 10. Nxe4 dxe4 11. Bf4 Qa5 12. Qe1 Qc5 13. Qc3 g5 14. Bxg5 Bxe5
15. Qc1 Bxb2 16. Qxb2 Qxg5 17. Bxe4 Bh3 18. Rfd1 Rab8 19. Rd3 Qg7 20. Qxg7+ Kxg7
21. Rb1 Be6 22. Rdb3 b5 23. Bxc6 Bxc4 24. R3b2 a6 25. a4 Rb6 26. axb5 axb5 27.
Bf3 Rfb8 28. Rb4 e6 29. Kg2 Kf6 30. g4 h6 31. Kg3 Ke5 32. Rd1 Rd6 33. Rdb1 Rdb6
34. Kh4 Kd6 35. Kh5 Kc5 36. h4 e5 37. R4b2 Rd6 38. Be4 Rbd8 39. f3 Rb6 40. g5
hxg5 41. hxg5 Be6 42. Kh4 Bc4 43. Kg4 Rbd6 44. Rc1 Rd2 45. Rcc2 Rxc2 46. Bxc2
Rd2 47. Kf5 Kd4 48. Kf6 Kc3 49. Rb1 Rxc2 50. e3 Rf2 51. Kxe5 Rxf3 52. e4 Re3 53.
Kf4 Rxe4+ 0-1

[Event "FIDE World Bl Team Pool B"]
[Site "London ENG"]
[Date "2025.06.14"]
[Round "11.3"]
[White "Roberson, Peter T"]
[Black "George Samir, David"]
[Result "1-0"]
[WhiteTitle "IM"]
[BlackTitle "FM"]
[WhiteElo "2433"]
[BlackElo "2356"]
[WhiteTeam "Sharks 4NCL"]
[BlackTeam "Mother Continent"]
[WhiteFideId "412384"]
[BlackFideId "10657789"]
[EventDate "2025.06.14"]
[EventType "team"]

1. Nc3 e5 2. d4 exd4 3. Qxd4 Nc6 4. Qe3+ Nge7 5. Nd5 d6 6. Nh3 Be6 7. Nhf4 Qd7
8. Nxe6 fxe6 9. Nxe7 Bxe7 10. g3 e5 11. h4 Nd4 12. Qd3 Qc6 13. c3 Qxh1 14. cxd4
O-O 15. Be3 Qd5 16. Bh3 Kh8 17. dxe5 Qxd3 18. exd3 dxe5 19. Ke2 Bd6 20. Rc1 h6
21. Bg2 Rab8 22. Be4 b6 23. Rc6 Rf6 24. h5 Rc8 25. g4 Be7 26. Rc4 c5 27. a4 Rcf8
28. f3 Rd6 29. Bf2 Bg5 30. Bg3 Bf4 31. Bh4 Rd4 32. b3 Rxc4 33. bxc4 Rb8 34. Be7
Re8 35. Bh4 Kg8 36. Bd5+ Kf8 37. Kd1 Rb8 38. Kc2 a6 39. Be1 b5 40. cxb5 axb5 41.
a5 Rd8 42. Be4 Rd7 43. Bf2 Rc7 44. a6 Ke8 45. Bb7 c4 46. a7 cxd3+ 47. Kxd3 Rd7+
48. Ke4 Rd8 49. Bb6 Be3 50. Bxe3 Kd7 51. a8=Q Rxa8 52. Bxa8 b4 53. Bd5 Kd6 54.
Bb3 Ke7 55. Kxe5 1-0

[Event "FIDE World Bl Team Pool B"]
[Site "London ENG"]
[Date "2025.06.14"]
[Round "11.4"]
[White "Wanyama, Harold"]
[Black "Purton, Ben J"]
[Result "1-0"]
[WhiteTitle "FM"]
[BlackTitle "FM"]
[WhiteElo "2143"]
[BlackElo "2173"]
[WhiteTeam "Mother Continent"]
[BlackTeam "Sharks 4NCL"]
[WhiteFideId "10000380"]
[BlackFideId "411132"]
[EventDate "2025.06.14"]
[EventType "team"]

1. d4 Nf6 2. c4 g6 3. Nc3 d5 4. Bf4 Bg7 5. e3 O-O 6. Rc1 c6 7. h3 Nbd7 8. Nf3
Re8 9. Be2 h6 10. cxd5 Nb6 11. dxc6 bxc6 12. O-O Be6 13. Ne5 Bd7 14. Na4 Nfd5
15. Bh2 Nxa4 16. Qxa4 Nb6 17. Qa5 Bf5 18. Nxc6 Qd7 19. Bf3 Rac8 20. Ne5 Qa4 21.
Qxa4 Nxa4 22. Bc6 Nxb2 23. Bxe8 Rxe8 24. Rc7 a5 25. Ra7 a4 26. Rc1 Rb8 27. Nc6
Rb6 28. Nxe7+ Kh7 29. Nxf5 gxf5 30. Rxf7 Kg6 31. Ra7 Nd3 32. Rf1 Rb4 33. d5 Nc5
34. Bd6 Rb7 35. Bxc5 1-0

[Event "FIDE World Bl Team Pool B"]
[Site "London ENG"]
[Date "2025.06.14"]
[Round "11.5"]
[White "Hryshchenko, Kamila"]
[Black "QUICKPEN, Deborah Ebimobo-ere"]
[Result "1-0"]
[WhiteTitle "WFM"]
[BlackTitle "WCM"]
[WhiteElo "2097"]
[BlackElo "2081"]
[WhiteTeam "Sharks 4NCL"]
[BlackTeam "Mother Continent"]
[WhiteFideId "14147491"]
[BlackFideId "8511616"]
[EventDate "2025.06.14"]
[EventType "team"]

1. e4 c5 2. Nc3 Nc6 3. f4 d6 4. Nf3 g6 5. Bc4 Bg7 6. d3 Nf6 7. O-O Bg4 8. h3
Bxf3 9. Qxf3 Nd4 10. Qd1 O-O 11. a4 e6 12. Bb3 Nxb3 13. cxb3 Nd7 14. Be3 a6 15.
a5 Nb8 16. f5 exf5 17. exf5 Nc6 18. Nd5 Bxb2 19. f6 Re8 20. Qg4 Re5 21. Rab1
Rxd5 22. Rxb2 Rxd3 23. Bg5 Rd4 24. Qg3 Nxa5 25. Re2 Nc6 26. Re7 Nxe7 27. fxe7
Qe8 28. Bf6 Rd5 29. Qe3 Rh5 30. g4 Re5 31. Qh6 1-0

[Event "FIDE World Bl Team Pool B"]
[Site "London ENG"]
[Date "2025.06.14"]
[Round "11.6"]
[White "Amoako Philip Selikem Yao"]
[Black "Morea, Georgiana-Steluta"]
[Result "1-0"]
[WhiteElo "1948"]
[BlackElo "1920"]
[WhiteTeam "Mother Continent"]
[BlackTeam "Sharks 4NCL"]
[WhiteFideId "12602256"]
[BlackFideId "1204319"]
[EventDate "2025.06.14"]
[EventType "team"]

1. e4 c5 2. Nc3 e6 3. g3 Nc6 4. Bg2 g6 5. d3 Bg7 6. Be3 d6 7. Qd2 Nf6 8. h3 a6
9. Bh6 O-O 10. Bxg7 Kxg7 11. f4 Nd4 12. Nge2 Rb8 13. O-O b5 14. g4 h6 15. Ng3
Nh7 16. f5 Bb7 17. Nce2 Qg5 18. Qxg5 Nxg5 19. c3 Nxe2+ 20. Nxe2 exf5 21. gxf5
Rbd8 22. h4 Nh7 23. Nf4 Nf6 24. fxg6 Bc8 25. gxf7 Rxf7 26. Bh3 Bxh3 27. Nxh3 Ng4
28. Nf4 Re8 29. Nh5+ Kg6 30. Rxf7 Kxf7 31. Rf1+ Ke6 32. Ng7+ Ke7 33. Nxe8 Kxe8
34. Rf4 Ne5 35. d4 cxd4 36. cxd4 Nd3 37. Rf6 Ke7 38. Rxh6 Nxb2 39. h5 b4 40.
Rh7+ Kf6 41. Ra7 Kg5 42. Rxa6 Kxh5 43. Rxd6 Kg5 44. Rd5+ Kf4 45. Re5 Ke3 46. d5
Kd4 47. d6 Kxe5 48. d7 Kxe4 49. d8=Q Nd3 50. Qe7+ Kd4 51. Qd6+ Kc3 52. Kf1 Kd2
53. Qd5 Ke3 54. Kg2 Kd2 55. Kf3 Kc3 56. Ke3 Nc1 57. Qd2+ 1-0

[Event "FIDE World Bl Team Pool B"]
[Site "London ENG"]
[Date "2025.06.14"]
[Round "11.1"]
[White "Harvey, Marcus R"]
[Black "Murawski, Jan"]
[Result "1-0"]
[WhiteTitle "IM"]
[BlackTitle "CM"]
[WhiteElo "2445"]
[BlackElo "2164"]
[WhiteTeam "Wood Green"]
[BlackTeam "UK Chess Challenge Masters"]
[WhiteFideId "400092"]
[BlackFideId "21009287"]
[EventDate "2025.06.14"]
[EventType "team"]

1. Nf3 Nf6 2. b3 d5 3. Bb2 c5 4. e3 Nc6 5. Bb5 Bd7 6. O-O e6 7. c4 a6 8. Bxc6
Bxc6 9. Ne5 Bd6 10. Nxc6 bxc6 11. d3 a5 12. Nc3 O-O 13. Na4 Nd7 14. Rc1 f5 15.
Ba3 Qe7 16. f4 Rfc8 17. Qf3 Qf6 18. Bb2 Qg6 19. Rce1 Nf6 20. Nb6 Rab8 21. Nxc8
Rxc8 22. Bxf6 Qxf6 23. e4 Qf7 24. exd5 cxd5 25. Qe2 dxc4 26. Qxe6 Qxe6 27. Rxe6
cxb3 28. Rxd6 bxa2 29. Ra1 Re8 30. Rxa2 Re3 31. Rxa5 Re1+ 32. Kf2 Rc1 33. Ra7 1-0

[Event "FIDE World Bl Team Pool B"]
[Site "London ENG"]
[Date "2025.06.14"]
[Round "11.2"]
[White "Zhu, Pengxiao"]
[Black "Willow, Jonah B"]
[Result "1/2-1/2"]
[BlackTitle "IM"]
[WhiteElo "1938"]
[BlackElo "2470"]
[WhiteTeam "UK Chess Challenge Masters"]
[BlackTeam "Wood Green"]
[WhiteFideId "499307"]
[BlackFideId "438804"]
[EventDate "2025.06.14"]
[EventType "team"]

1. d4 Nf6 2. c4 g6 3. Nc3 Bg7 4. e4 d6 5. h3 O-O 6. Be3 Nc6 7. Nf3 e5 8. d5 Ne7
9. g4 c6 10. Be2 cxd5 11. cxd5 b5 12. Bxb5 Qa5 13. Qa4 Qxa4 14. Bxa4 Ba6 15. Nd2
Rfc8 16. Bb5 Bb7 17. O-O Ne8 18. Bxe8 Rxe8 19. Rfd1 Ba6 20. a4 f5 21. exf5 gxf5
22. Bg5 fxg4 23. hxg4 Rab8 24. Nb5 Nxd5 25. Ne4 Bxb5 26. axb5 Nc7 27. Nxd6 Rf8
28. Rxa7 Nxb5 29. Nxb5 Rxb5 30. Rdd7 Bh8 31. Rxh7 Rxb2 32. Be3 Rb4 33. g5 Rg4+
34. Kf1 Re4 35. Ke2 Rc4 36. Rhd7 Rfc8 37. Rd6 Rc2+ 38. Kf3 R2c7 39. Rxc7 Rxc7
40. Ke4 Bg7 41. g6 Rc8 42. f4 exf4 43. Bxf4 Re8+ 44. Kf5 Rf8+ 45. Kg4 Rf6 46.
Rxf6 1/2-1/2